Normal view
MARC view
- Cynthia D. Fisher, Lyle F.Schoenfeldt & Johnes B. Shaw.
Entry Personal Name
001 - CONTROL NUMBER
- control field: 2961
003 - CONTROL NUMBER IDENTIFIER
- control field: OSt
005 - DATE AND TIME OF LATEST TRANSACTION
- control field: 20200125170223.0
008 - FIXED-LENGTH DATA ELEMENTS
- fixed length control field: 200125|| aca||aabn | a|a d
040 ## - CATALOGING SOURCE
- Original cataloging agency: OSt
- Transcribing agency: OSt
100 ## - HEADING--PERSONAL NAME
- Personal name: Cynthia D. Fisher, Lyle F.Schoenfeldt & Johnes B. Shaw.
670 ## - SOURCE DATA FOUND
- Source citation: Work cat.: (OSt)4724: Fisher, Cynthia D. Lyle F.Schoenfeldt & Johnes B. Shaw. 2958, Human Resource Management, 2004
